[Event "Druzynowe Mistrzostwa Polski II Liga"]
[Site "Szklarska Poreba"]
[Date "1899-12-30"]
[Round "5.100"]
[White "Nowakowski, Jacek"]
[Black "Cichocki, Konrad"]
[Result "1-0"]
[WhiteTitle "II+"]
[BlackTitle "I+"]
[WhiteElo "1583"]
[BlackElo "1864"]

1. c4 e5 2. Nc3 Nf6 3. d3 Nc6 4. g3 d5 5. cxd5 Nxd5 6. Bg2 Be6 7. Nf3 Be7 8. O-O
O-O 9. Bd2 h6 10. Nxd5 Bxd5 11. Bc3 Bf6 12. Nd2 Bxg2 13. Kxg2 Qd5+ 14. Kg1 Nd4
15. Bxd4 exd4 16. Qc2 c5 17. b3 Rfe8 18. Ne4 Be7 19. Rfe1 Rac8 20. Qc4 Qc6 21.
a4 a6 22. a5 Kf8 23. Qa4 Qe6 24. Kg2 f5 25. Nd2 Qd5+ 26. Kg1 Bg5 27. Nf3 Re6 28.
Qc4 Qxc4 29. bxc4 Bd8 30. Reb1 Rxe2 31. Rxb7 Rc7 32. Rb6 Ra7 33. Rc6 Be7 34. Kf1
Rb2 35. Ne5 Ra8 36. Re1 Kg8 37. Nd7 Bf8 38. Ree6 Rd2 39. Ne5 Rb8 40. Rb6 Rxb6
41. Rxb6 Kh7 42. Rxa6 Ra2 43. Ng6 Rxa5 1-0

[Event "Druzynowe Mistrzostwa Polski II Liga"]
[Site "Szklarska Poreba"]
[Date "1899-12-30"]
[Round "5.101"]
[White "Augustowski, Janusz"]
[Black "Augustyn, Jan"]
[Result "0-1"]
[WhiteTitle "I"]
[BlackTitle "II"]
[WhiteElo "1804"]
[BlackElo "1728"]

1. d4 d5 2. Nf3 Nf6 3. g3 g6 4. Bg2 Bg7 5. O-O O-O 6. b3 c5 7. Bb2 Ne4 8. Nbd2
cxd4 9. Nxd4 Nxd2 10. Qxd2 e5 11. Nf3 Nc6 12. Rfd1 Be6 13. Ng5 h6 14. Nxe6 fxe6
15. e3 e4 16. Bxg7 Kxg7 17. c4 Qf6 18. cxd5 exd5 19. Rac1 Rad8 20. Qc3 Ne5 21.
Rc2 Kh7 22. Qd4 Rd7 23. h3 a6 24. Rdd2 Qe6 25. Kh2 Nd3 26. Re2 Rdf7 27. Kg1 Ne5
28. Red2 Nd3 29. Re2 h5 30. Kf1 Kh6 31. Kg1 a5 32. Kh1 Nxf2+ 33. Rxf2 Rxf2 34.
Rxf2 Rxf2 35. Qh8+ Kg5 36. Kg1 Rd2 37. h4+ Kg4 38. Kh2 Qf5 39. Qb8 Rxa2 40. Qxb7
Rxg2+ 41. Kxg2 Qf3+ 42. Kg1 Qxg3+ 43. Kf1 Qf3+ 44. Ke1 Qxe3+ 45. Kd1 Kxh4 46.
Kc2 Qd3+ 47. Kb2 Qd2+ 48. Kb1 e3 49. Qe7+ g5 50. Qe5 Qg2 51. Ka1 e2 52. Qd4+ g4
53. Qf6+ Kh3 54. Qc3+ Qg3 0-1

[Event "Druzynowe Mistrzostwa Polski II Liga"]
[Site "Szklarska Poreba"]
[Date "1899-12-30"]
[Round "5.102"]
[White "Polak, Sylwia"]
[Black "Cichocka, Katarzyna"]
[Result "1/2-1/2"]
[WhiteTitle "I"]
[BlackTitle "I++"]
[WhiteElo "1371"]
[BlackElo "1608"]

1. d4 Nf6 2. c4 g6 3. Nc3 d5 4. e3 Bg7 5. Nf3 O-O 6. Be2 dxc4 7. Bxc4 c6 8. a4
Bf5 9. O-O Nbd7 10. Nh4 Be4 11. Nf3 Nb6 12. Bd3 Bxd3 13. Qxd3 c5 14. Rd1 cxd4
15. Nxd4 e5 16. Nb3 Qxd3 17. Rxd3 Nc4 18. e4 Rfd8 19. Rxd8+ Rxd8 20. f3 h6 21.
Kf2 Bf8 22. Rb1 Kg7 23. Be3 a6 24. Rd1 Rc8 25. Bc1 Bb4 26. Rd3 Na5 27. Nxa5 Bxa5
28. Bd2 Rc4 29. b3 Rd4 30. Ke2 Rxd3 31. Kxd3 1/2-1/2

[Event "Druzynowe Mistrzostwa Polski II Liga"]
[Site "Szklarska Poreba"]
[Date "1899-12-30"]
[Round "6.1"]
[White "Kislinsky, Alexey"]
[Black "Marczuk, Dominik"]
[Result "1/2-1/2"]
[WhiteTitle "GM"]
[BlackTitle "k"]
[WhiteElo "2505"]
[BlackElo "2258"]

1. e4 c5 2. b3 Nf6 3. e5 Nd5 4. Bb2 g6 5. h4 Bg7 6. h5 Nc6 7. Bc4 e6 8. Nf3 d6
9. h6 Bxe5 10. Nxe5 dxe5 11. Bb5 Bd7 12. Bxc6 Bxc6 13. Bxe5 f6 14. Bg3 Ne7 15.
f3 Nf5 16. Bf2 Qd6 17. Nc3 Kf7 18. Qe2 Nd4 19. Bxd4 cxd4 20. Ne4 Bxe4 21. Qxe4
Rab8 22. Rh4 Rhd8 23. Kf1 Rd7 24. Re1 Rc8 25. Qd3 Rc5 26. Ree4 Rd5 27. a4 a6 28.
Kf2 b5 29. axb5 axb5 30. Rh1 Rg5 31. f4 Rf5 32. g3 Rd5 33. Rhe1 Re7 34. g4 Qc5
35. Kg3 Rd6 36. Ra1 Qb6 37. b4 Rd5 38. Ra8 Re8 39. Rxe8 Kxe8 40. c3 Kf7 41. Rxd4
Rxd4 42. Qxd4 Qxd4 43. cxd4 Ke7 44. d5 Kd6 45. dxe6 Kxe6 46. Kf3 Kd5 47. Ke3 Kc4
48. Ke4 Kxb4 49. d4 Kc3 50. d5 b4 51. d6 b3 52. d7 b2 53. d8=Q b1=Q+ 54. Ke3 Qe1+
55. Kf3 Qf1+ 56. Ke3 Qh3+ 57. Kf2 Qh2+ 58. Kf3 1/2-1/2

[Event "Druzynowe Mistrzostwa Polski II Liga"]
[Site "Szklarska Poreba"]
[Date "1899-12-30"]
[Round "6.2"]
[White "Chmiel, Marcin"]
[Black "Grabarczyk, Miroslaw"]
[Result "1/2-1/2"]
[WhiteTitle "k"]
[BlackTitle "GM"]
[WhiteElo "2250"]
[BlackElo "2422"]

1. e4 e5 2. Bc4 Nc6 3. f4 exf4 4. d4 Nf6 5. Nc3 Bb4 6. Nge2 d5 7. exd5 Nxd5 8.
O-O Nb6 9. Bb3 O-O 10. Bxf4 Na5 11. Nb5 Nxb3 12. axb3 Nd5 13. c4 Nxf4 14. Nxf4
c6 15. Nc3 Bf5 16. Nfd5 Bxc3 17. Nxc3 Bg6 18. b4 Re8 19. Qd2 Qb6 20. b5 Rad8 21.
Rfe1 Rxe1+ 22. Rxe1 Kf8 23. Rd1 Bh5 24. c5 Qa5 25. Re1 h6 26. bxc6 bxc6 27. Qe3
Kg8 28. d5 cxd5 29. Qd4 Rb8 30. c6 Rc8 31. b4 Qd8 32. Nxd5 Kh8 33. Qe5 Bg4 34.
b5 Be6 35. Nf4 Bc4 36. Kh1 a6 37. bxa6 Bxa6 38. Nh5 Qg5 39. Qxg5 hxg5 40. Rc1
Rc7 41. Rc5 f6 42. h4 gxh4 43. Nf4 Bc8 44. Nd5 Ra7 45. c7 h3 46. gxh3 1/2-1/2

[Event "Druzynowe Mistrzostwa Polski II Liga"]
[Site "Szklarska Poreba"]
[Date "1899-12-30"]
[Round "6.3"]
[White "Aliavdin, Nikolai"]
[Black "Gbyl, Andrzej"]
[Result "1-0"]
[WhiteTitle "IM"]
[BlackTitle "k+"]
[WhiteElo "2342"]
[BlackElo "2236"]

1. e4 e6 2. d4 d5 3. Nd2 c5 4. exd5 Qxd5 5. Ngf3 cxd4 6. Bc4 Qd6 7. O-O Nf6 8.
Nb3 Nc6 9. Nbxd4 Nxd4 10. Nxd4 a6 11. b3 Be7 12. a4 e5 13. Nf3 Qxd1 14. Rxd1 Bg4
15. Bb2 e4 16. h3 Bf5 17. Ne5 O-O 18. g4 Bg6 19. h4 e3 20. f3 Bb4 21. Nxg6 hxg6
22. Kf1 Rfd8 23. Ke2 Bd2 24. Bc1 Bc3 25. Rxd8+ Rxd8 26. Rb1 Re8 27. Bb2 Bxb2 28.
Rxb2 Re5 29. b4 Ne8 30. Rb1 Kf8 31. Rd1 Ke7 32. Rd5 Re6 33. Rd3 Rc6 34. Rxe3+
Kf8 35. Kd3 Rc7 36. a5 Nd6 37. Bd5 Nc8 38. c4 Nd6 39. c5 Nb5 40. Kc4 Nd6+ 41.
Kb3 Nb5 42. Bc4 Na7 43. g5 Nc6 44. Bd3 Na7 45. Be4 Nb5 46. Bd3 Na7 47. Bc4 Nc6
48. Rd3 Ke7 49. f4 Na7 50. Re3+ Kf8 51. Kc3 Nc6 52. Rd3 Ke7 53. Rd6 Na7 54. Rd5
Nc6 55. f5 gxf5 56. Rxf5 f6 57. gxf6+ gxf6 58. Bd5 Rd7 59. Rh5 Kd8 60. Rh8+ Kc7
61. Be6 1-0

[Event "Druzynowe Mistrzostwa Polski II Liga"]
[Site "Szklarska Poreba"]
[Date "1899-12-30"]
[Round "6.4"]
[White "Golda, Sebastian"]
[Black "Jedryczka, Krystian"]
[Result "1-0"]
[WhiteTitle "k"]
[BlackTitle "m"]
[WhiteElo "2115"]
[BlackElo "2208"]

1. e4 c5 2. Ne2 g6 3. g3 d5 4. Nbc3 d4 5. Nd5 Bg7 6. d3 h5 7. h4 e6 8. Ndf4 Nf6
9. Bg2 Nc6 10. Nh3 e5 11. O-O Bg4 12. Bg5 Qd7 13. Kh2 Nh7 14. Bd2 O-O-O 15. a3
Be6 16. b4 c4 17. b5 Ne7 18. a4 Kb8 19. Qb1 Rc8 20. Neg1 f6 21. f4 f5 22. Nf3
fxe4 23. dxe4 c3 24. Bc1 Bc4 25. Rd1 Be2 26. Re1 Bxf3 27. Bxf3 Nf6 28. Ng5 Ng4+
29. Bxg4 Qxg4 30. Qb4 Qd7 31. Ba3 Rhe8 32. Qd6+ Qxd6 33. Bxd6+ Ka8 34. fxe5 Ng8
35. Nf7 Nh6 36. Nxh6 Bxh6 37. Rad1 Bd2 38. Rf1 b6 39. Rf3 Re6 40. Rdf1 Rce8 41.
Rf7 d3 42. Rd7 dxc2 43. Rff7 Rxd6 44. exd6 1-0

[Event "Druzynowe Mistrzostwa Polski II Liga"]
[Site "Szklarska Poreba"]
[Date "1899-12-30"]
[Round "6.5"]
[White "Gawronski, Miroslaw"]
[Black "Marczuk, Anna"]
[Result "1-0"]
[WhiteTitle "k+"]
[BlackTitle "k"]
[WhiteElo "2041"]
[BlackElo "1929"]

1. d4 d6 2. Nf3 f5 3. h3 Nf6 4. Bf4 e6 5. e3 Be7 6. c4 h6 7. Nc3 b6 8. Rc1 Bb7
9. b4 Nbd7 10. Qb3 Bxf3 11. gxf3 c5 12. dxc5 dxc5 13. a3 O-O 14. Rd1 Qc8 15. Rg1
Kh8 16. Nb5 e5 17. Bh2 Qc6 18. Qb2 cxb4 19. axb4 a5 20. bxa5 Rxa5 21. Be2 Qc5
22. Kf1 Rfa8 23. f4 Ra2 24. Qc3 Ne4 25. Qd3 exf4 26. Bxf4 Ne5 27. Qd4 Bf6 28.
Qxc5 bxc5 29. Bxe5 Bxe5 30. Rd5 Ra1+ 31. Kg2 Bf6 32. Rxa1 Rxa1 33. Rxf5 Ra2 34.
Bd3 Nd2 35. Rxc5 g5 36. Nd4 Bxd4 37. exd4 Nb3 38. Rc8+ Kg7 39. d5 Rd2 40. Bf1
Rd4 41. Rc7+ Kf8 42. Kf3 h5 43. Ke3 Rd1 44. Bg2 Rg1 45. Bf3 g4 46. hxg4 hxg4 47.
Be4 Re1+ 48. Kf4 Nd2 49. Bd3 Nf3 50. c5 Rd1 51. Be4 Rd4 52. Ke3 Ra4 53. Rc8+ Ke7
54. d6+ Ke6 55. Re8+ Kd7 56. Re7+ 1-0

[Event "Druzynowe Mistrzostwa Polski II Liga"]
[Site "Szklarska Poreba"]
[Date "1899-12-30"]
[Round "6.6"]
[White "Jedrocha, Katarzyna"]
[Black "Leszner, Liliana"]
[Result "1/2-1/2"]
[WhiteTitle "k"]
[BlackTitle "WIM"]
[WhiteElo "1902"]
[BlackElo "2055"]

1. d4 Nf6 2. g3 g6 3. Bg2 Bg7 4. e4 d6 5. Ne2 O-O 6. Nbc3 Nbd7 7. h3 c5 8. O-O
Rb8 9. a4 a6 10. a5 cxd4 11. Nxd4 Ne5 12. Qe2 Bd7 13. f4 Nc6 14. Nb3 Nb4 15. Kh2
Qc7 16. Be3 Be6 17. Rfc1 Nd7 18. Qd2 Nc5 19. Nd4 Rfc8 20. Ncb5 axb5 21. Qxb4 Bxd4
22. Bxd4 Bd7 23. e5 Ra8 24. exd6 exd6 25. Bc3 Rf8 26. Qd4 f6 27. Rd1 Ra6 28. Bd5+
Be6 29. Re1 Qf7 30. Rad1 Bxd5 31. Qxd5 Qxd5 32. Rxd5 Na4 33. Rxb5 Nxc3 34. bxc3
Rf7 35. Reb1 Re7 36. h4 Ra7 37. Kh3 Kf7 38. Kg4 Rc7 39. R1b3 h5+ 40. Kf3 Ke6 41.
Ke4 Rc4+ 42. Kd3 Ra4 43. Rxb7 R7xa5 44. c4 Rc5 45. R7b4 Ra1 46. Ke4 Rc1 47. Rc3
g5 48. fxg5 fxg5 49. hxg5 Rxg5 50. Rb5 Re1+ 51. Kf3 Ree5 52. Rxe5+ Kxe5 53. Rd3
Rg4 54. Rd5+ Ke6 55. Rxh5 Rxc4 56. Rh2 Kf5 57. Rd2 Rc3+ 58. Rd3 Rxc2 59. Rxd6
Rc3+ 60. Kg2 Kg4 61. Rd4+ Kg5 62. Kh3 Ra3 63. Rd5+ Kg6 64. Kh4 Ra6 65. g4 Rb6
66. Rd8 Ra6 67. Rg8+ Kh7 68. Rg5 Kh6 69. Re5 Kg6 70. Kg3 Rb6 71. Kf4 Rb4+ 1/2-1/2

[Event "Druzynowe Mistrzostwa Polski II Liga"]
[Site "Szklarska Poreba"]
[Date "1899-12-30"]
[Round "6.7"]
[White "Zaskalski, Arkadiusz"]
[Black "Zylka, Stanislaw"]
[Result "1/2-1/2"]
[WhiteTitle "k"]
[BlackTitle "FM"]
[WhiteElo "2165"]
[BlackElo "2344"]

1. Nf3 c5 2. c4 Nc6 3. d4 cxd4 4. Nxd4 Nf6 5. Nc3 Qb6 6. Nc2 e6 7. b3 d5 8. e3
Be7 9. cxd5 exd5 10. Be2 O-O 11. O-O Be6 12. Bb2 Rac8 13. Nd4 Nxd4 14. Qxd4 Qxd4
15. exd4 Ne4 16. Nxe4 dxe4 17. Rac1 Bg5 18. Rc5 h6 19. Bc1 b6 20. Rxc8 Rxc8 21.
Bxg5 hxg5 22. Ra1 Rc2 23. Kf1 Rd2 24. Ke1 Rxd4 25. Rd1 Rxd1+ 26. Bxd1 Kf8 27.
Kd2 Ke7 28. Ke3 Kd6 29. Kd4 a5 30. a3 Bd5 31. g3 f5 32. b4 axb4 33. axb4 Ba2 34.
Be2 g4 35. Bf1 Bb1 36. Bc4 Bd3 37. Bb3 Bb5 38. Bf7 Bd7 39. Bb3 Be8 40. Bc4 Ba4
41. Bd5 Bd1 42. Bf7 Bc2 43. Bc4 Bd3 44. Bb3 Bf1 45. Ba4 g6 46. Be8 g5 47. Ba4
Bd3 48. Bb3 Bb1 49. Bd5 Bc2 50. Bc4 Bd3 51. Bb3 Bb5 52. Bd1 Bf1 53. Bb3 Bg2 54.
Bd1 Bh1 55. Bc2 Bf3 56. Bb3 Be2 57. Bd5 Ba6 58. Bb3 Bc8 59. Bd1 Be6 60. Bc2 Ba2
61. Bd1 Bb1 62. Bb3 Bd3 63. Bd1 Bb1 64. Be2 Bc2 65. Bc4 Bd1 66. Bd5 Be2 67. Bb3
Bf1 68. Bc2 Bd3 69. Bb3 Be2 70. Bc2 Bf3 71. Bb3 Bh1 72. Bd1 Bg2 73. Bc2 Bf3 74.
Bb3 Bh1 75. Bd1 Bg2 76. Bc2 Bh3 77. Bd1 Bf1 78. Bb3 Be2 79. Bc2 Bf3 80. Bb3 Be2
81. Bc2 Bb5 82. Bb3 Bc6 83. Bd1 Bd7 84. Bb3 Be6 85. Bd1 Bg8 86. Bc2 Bh7 87. Bd1
Bg6 88. Be2 Bf7 89. Bd1 Be8 90. Bb3 Bb5 91. Bc2 Be2 92. Bb3 Bf3 93. Bc2 Bg2 94.
Bb1 Bh1 95. Bc2 Bf3 96. Bb3 Be2 97. Bc2 Ba6 98. Kxe4 Ke5+ 1/2-1/2

[Event "Druzynowe Mistrzostwa Polski II Liga"]
[Site "Szklarska Poreba"]
[Date "1899-12-30"]
[Round "6.9"]
[White "Augustyn, Sebastian"]
[Black "Walach, Marcin"]
[Result "1/2-1/2"]
[WhiteTitle "k"]
[BlackTitle "FM"]
[WhiteElo "2144"]
[BlackElo "2320"]

1. Nf3 c5 2. c4 Nc6 3. d4 cxd4 4. Nxd4 Nf6 5. Nc3 e6 6. Nc2 d5 7. e3 Be7 8. cxd5
exd5 9. Be2 O-O 10. O-O a6 11. b3 Be6 12. Bb2 Rc8 13. Rc1 Ne4 14. Nxe4 dxe4 15.
Nd4 Nxd4 16. Bxd4 Qa5 17. Rxc8 Rxc8 18. Qb1 f5 19. g3 b5 20. Rd1 Kf7 21. Qb2 Qa3
22. Bxg7 Qxb2 23. Bxb2 Rc2 24. Bh5+ Kf8 25. Rb1 a5 26. Bd1 Rd2 27. a3 Rd3 28.
a4 bxa4 29. bxa4 Bb4 30. Bd4 Rd2 31. Ra1 1/2-1/2

[Event "Druzynowe Mistrzostwa Polski II Liga"]
[Site "Szklarska Poreba"]
[Date "1899-12-30"]
[Round "6.10"]
[White "Wolynski, Krzysztof"]
[Black "Czarnecki, Wojciech"]
[Result "1-0"]
[WhiteTitle "I++"]
[BlackTitle "k"]
[WhiteElo "2118"]
[BlackElo "2020"]

1. e4 c6 2. d4 g6 3. Nc3 Bg7 4. Nf3 Qb6 5. Bc4 d6 6. h3 Nf6 7. Bb3 O-O 8. Be3 Qc7
9. Qd3 b5 10. a3 a5 11. e5 Bf5 12. exf6 Bxd3 13. fxg7 Kxg7 14. cxd3 Nd7 15. O-O
Rab8 16. Ne4 d5 17. Ned2 h6 18. Nh2 f5 19. f4 a4 20. Bc2 Rf6 21. Ndf3 Re6 22.
Ne5 Nxe5 23. fxe5 Rf8 24. Rae1 g5 25. Bd1 Kg6 26. g3 Qc8 27. Kg2 Qe8 28. Nf3 Kg7
29. Nd2 Qg6 30. Be2 h5 31. Kh2 g4 32. h4 Qe8 33. Rc1 Qa8 34. Nb1 Rg6 35. Nc3 Kh7
36. Na2 e6 37. Rc5 Rg7 38. Rfc1 Rc8 39. Nb4 Rgc7 40. Bd2 Kg6 41. Nc2 Kf7 42. Rf1
Ke8 43. Ne3 Rf7 44. Ng2 Kd7 45. Nf4 Rh7 46. Bb4 Rb8 47. Rfc1 Rb6 48. Bf1 Rh8 49.
Bg2 Ra6 50. Kg1 Rb6 51. Kf2 Ra6 52. Ke2 Rb6 53. Kd2 Ra6 54. Kc2 Rb6 55. Kb1 Ra6
56. R5c2 Rb6 57. Ng6 1-0

[Event "Druzynowe Mistrzostwa Polski II Liga"]
[Site "Szklarska Poreba"]
[Date "1899-12-30"]
[Round "6.11"]
[White "Markiewicz, Mateusz"]
[Black "Cieslak, Patrycjusz"]
[Result "1-0"]
[WhiteTitle "I++"]
[BlackTitle "I"]
[WhiteElo "2021"]
[BlackElo "1988"]

1. e4 e5 2. Nf3 Nc6 3. d4 exd4 4. Nxd4 Bc5 5. Nb3 Bb6 6. Qe2 d6 7. Nc3 Nf6 8. Be3
Qe7 9. Bxb6 axb6 10. O-O-O Be6 11. f3 Na5 12. Kb1 Nd7 13. Qd2 O-O 14. f4 Nxb3
15. cxb3 f5 16. Nd5 Qd8 17. exf5 Bxf5+ 18. Bd3 Ra5 19. Bxf5 Rxf5 20. Nc3 Qf6 21.
g3 Qg6 22. Qc2 Rac5 23. Rhe1 b5 24. b4 Rc4 25. a3 Nf6 26. Qd3 c5 27. Nxb5 Rd5
28. Qxg6 hxg6 29. Rxd5 Nxd5 30. Nxd6 Rd4 31. Re8+ Kh7 32. bxc5 b6 33. Nf7 g5 34.
Nxg5+ 1-0

[Event "Druzynowe Mistrzostwa Polski II Liga"]
[Site "Szklarska Poreba"]
[Date "1899-12-30"]
[Round "6.12"]
[White "Cieslak, Wiktoria"]
[Black "Jalowiec, Halina"]
[Result "1-0"]
[WhiteTitle "k++"]
[BlackTitle "WFM"]
[WhiteElo "1824"]
[BlackElo "1967"]

1. d4 d5 2. c4 e6 3. Nf3 Nf6 4. g3 c5 5. cxd5 Nxd5 6. e4 Nf6 7. Bg5 h6 8. Bxf6
Qxf6 9. Nc3 cxd4 10. e5 Qd8 11. Nxd4 a6 12. Bg2 Bc5 13. Nb3 Qb6 14. O-O Be7 15.
Na4 Qb5 16. Nd4 Qa5 17. Rc1 Nd7 18. Qb3 Qb4 19. Qxb4 Bxb4 20. Rc4 Ba5 21. Nb3
Bb6 22. Rd1 Ba7 23. Rc7 Nxe5 24. Nbc5 Bxc5 25. Nxc5 O-O 26. b3 Rb8 27. Nxb7 Bxb7
28. Bxb7 a5 29. h3 Rfe8 30. f4 Ng6 31. Rdd7 Rf8 32. Be4 Nh8 33. Bd3 Rfd8 34. Bc4
Ng6 35. Rxf7 Nf8 36. Rxg7+ Kh8 37. a4 Rd2 38. Rgf7 Rbd8 39. f5 exf5 40. Rf6 R2d6
41. Rxf5 Nd7 42. Rxa5 1-0

[Event "Druzynowe Mistrzostwa Polski II Liga"]
[Site "Szklarska Poreba"]
[Date "1899-12-30"]
[Round "6.13"]
[White "Dowgird, Filip"]
[Black "Kolago, Marcin"]
[Result "0-1"]
[WhiteTitle "k"]
[BlackTitle "m"]
[WhiteElo "2270"]
[BlackElo "2347"]

1. g3 g6 2. Bg2 Bg7 3. d3 d5 4. Nd2 e5 5. Ngf3 Be6 6. e4 Nc6 7. O-O h6 8. a3 a5
9. exd5 Bxd5 10. Re1 Nge7 11. Ne4 O-O 12. Be3 Nf5 13. Bc5 Re8 14. Nc3 Be6 15.
Rb1 b6 16. Be3 Nxe3 17. fxe3 Qd7 18. Qd2 a4 19. Rf1 Ne7 20. Qf2 Rad8 21. Nd2 f5
22. e4 Rf8 23. Qe2 f4 24. Nd5 g5 25. Nxe7+ Qxe7 26. Rf2 g4 27. Qe1 Qc5 28. Bf1
fxg3 29. hxg3 Rxf2 30. Qxf2 Qxc2 31. Qe1 Bf8 32. Qc1 Bc5+ 33. Kh1 Qxc1 34. Rxc1
Rf8 35. d4 exd4 36. Bd3 Rf2 37. Rc2 Bd6 0-1

[Event "Druzynowe Mistrzostwa Polski II Liga"]
[Site "Szklarska Poreba"]
[Date "1899-12-30"]
[Round "6.14"]
[White "Wiewiora, Eneasz"]
[Black "Dobrowolski, Aleksander"]
[Result "1/2-1/2"]
[WhiteTitle "FM"]
[BlackTitle "m"]
[WhiteElo "2325"]
[BlackElo "2266"]

1. e4 c5 2. c3 d5 3. exd5 Qxd5 4. d4 cxd4 5. cxd4 Nc6 6. Nf3 e5 7. Nc3 Bb4 8. Bd2
Bxc3 9. Bxc3 e4 10. Ne5 Nxe5 11. dxe5 Ne7 12. Qa4+ Bd7 13. Qa3 Qe6 14. Qb4 Nd5
15. Qxb7 O-O 16. Bc4 Bc6 17. Qa6 e3 18. fxe3 Qh6 19. Bxd5 Qxe3+ 20. Qe2 Qxe2+
21. Kxe2 Bxd5 22. Kf2 Rfc8 23. Rhd1 Be6 24. g3 Rc4 25. Ke3 Kf8 26. a4 Rac8 27.
a5 a6 28. Rd6 R4c6 29. Rxc6 Rxc6 30. Rd1 Ke8 31. Rd4 Bc4 32. Rh4 h6 33. Rd4 Bb5
34. Rd2 g6 35. g4 Rc4 36. Kf3 Bd7 37. h3 h5 38. gxh5 gxh5 39. Kg3 h4+ 40. Kh2
Re4 41. Rd6 Re2+ 42. Kg1 Bxh3 43. Rxa6 Be6 44. Ra8+ Kd7 45. Rh8 h3 46. a6 1/2-1/2

[Event "Druzynowe Mistrzostwa Polski II Liga"]
[Site "Szklarska Poreba"]
[Date "1899-12-30"]
[Round "6.15"]
[White "Kwiecinski, Marian"]
[Black "Mulet, Piotr"]
[Result "0-1"]
[WhiteTitle "k"]
[BlackTitle "FM"]
[WhiteElo "2216"]
[BlackElo "2323"]

1. c4 e5 2. Nc3 Nf6 3. g3 Nc6 4. Bg2 Bc5 5. d3 O-O 6. Nf3 d6 7. O-O Bg4 8. Bg5
h6 9. Bxf6 Qxf6 10. Ne4 Qe6 11. Nxc5 dxc5 12. Re1 e4 13. dxe4 Qxc4 14. Qc1 Qxc1
15. Raxc1 b6 16. Nd2 Rad8 17. Nf1 Nd4 18. f3 Be6 19. b3 a5 20. Rc3 a4 21. bxa4
Ra8 22. e3 Nc6 23. a3 Rfd8 24. f4 Rxa4 25. e5 Na5 26. Rb1 Bf5 27. Rb2 Rd3 28.
Rxd3 Bxd3 29. Ra2 c4 30. Bf3 c3 31. Bd1 Bb1 32. Bxa4 Bxa2 33. Bc2 Bb3 34. Bd3
c2 35. Bxc2 Bxc2 36. Nd2 c5 37. Kf2 b5 38. e4 b4 39. axb4 cxb4 40. Ke3 b3 41.
Kd4 b2 42. f5 Nb3+ 43. Kc3 Nxd2 44. Kxb2 Bxe4 0-1

[Event "Druzynowe Mistrzostwa Polski II Liga"]
[Site "Szklarska Poreba"]
[Date "1899-12-30"]
[Round "6.16"]
[White "Jaroch, Karol"]
[Black "Grossmann, Ryszard"]
[Result "1-0"]
[WhiteTitle "m"]
[BlackTitle "FM"]
[WhiteElo "2200"]
[BlackElo "2070"]

1. e4 c5 2. Nf3 Nc6 3. d3 g6 4. Be3 Bg7 5. c3 b6 6. d4 d6 7. Bb5 Bd7 8. Qa4 Qc7
9. d5 Nb8 10. O-O Nf6 11. h3 O-O 12. Nbd2 a6 13. Bxd7 Nbxd7 14. Qc2 Rfe8 15. Rae1
b5 16. b3 Nb6 17. c4 Nfd7 18. Rb1 b4 19. Nh2 a5 20. f4 a4 21. f5 axb3 22. axb3
Ne5 23. Ng4 Nxg4 24. hxg4 Nd7 25. Nf3 Ra6 26. Ng5 Ne5 27. fxg6 hxg6 28. Bf4 Nxg4
29. Qe2 Bd4+ 30. Kh1 Nf6 31. Nf3 Bc3 32. e5 Nh5 33. e6 f5 34. Bh2 Bf6 35. g4 fxg4
36. Qe4 Kh7 37. Qxg4 Rg8 38. Nh4 Ra2 39. Rg1 Bxh4 40. Qxh4 Rg7 41. Rbf1 Kg8 42.
Rxg6 Rxg6 43. Qxh5 Rag2 44. Qf3 Qa7 45. Qf7+ Kh8 46. Bxd6 Rg1+ 47. Rxg1 Rxg1+
48. Kxg1 Qa1+ 49. Qf1 Qd4+ 50. Qf2 Qd1+ 51. Kg2 exd6 52. Qh4+ Kg7 53. Qg3+ Kh8
54. Qe3 Qc2+ 55. Kg3 Qg6+ 56. Kh4 Qh7+ 57. Kg4 Qg6+ 58. Qg5 Qe4+ 59. Kh5 Kh7 60.
Qh6+ 1-0

[Event "Druzynowe Mistrzostwa Polski II Liga"]
[Site "Szklarska Poreba"]
[Date "1899-12-30"]
[Round "6.17"]
[White "Helaszek, Edward"]
[Black "Samborski, Henryk"]
[Result "0-1"]
[WhiteTitle "k"]
[BlackTitle "k"]
[WhiteElo "2006"]
[BlackElo "2093"]

1. e4 c5 2. Nf3 d6 3. d4 cxd4 4. Nxd4 Nf6 5. Nc3 a6 6. Be2 e5 7. Nb3 Be7 8. O-O
O-O 9. Be3 Be6 10. Qd2 Nbd7 11. a4 Rc8 12. Rfd1 Nb6 13. a5 Nc4 14. Bxc4 Rxc4 15.
f3 Qc8 16. Rac1 Qc6 17. Nd5 Bxd5 18. exd5 Qb5 19. Qd3 Rfc8 20. Rd2 h6 21. h3 Nh7
22. Kh2 Bg5 23. Bxg5 Nxg5 24. Qe2 Qd7 25. g4 e4 26. fxe4 Rxe4 27. Qg2 Qe7 28.
Rf1 Re3 29. Rd3 Re2 30. Rf2 Rcxc2 31. Rd2 Qe5+ 32. Kh1 Rxf2 33. Rxf2 Rxf2 0-1

[Event "Druzynowe Mistrzostwa Polski II Liga"]
[Site "Szklarska Poreba"]
[Date "1899-12-30"]
[Round "6.18"]
[White "Richterova, Natasa"]
[Black "Korosciel, Aneta"]
[Result "1/2-1/2"]
[WhiteTitle "WIM"]
[BlackTitle "m"]
[WhiteElo "2188"]
[BlackElo "2017"]

1. d4 Nf6 2. c4 e6 3. g3 d5 4. Nf3 Be7 5. Bg2 O-O 6. O-O c6 7. Qc2 b6 8. Rd1 Bb7
9. Nbd2 Qc8 10. e4 Re8 11. Bh3 Na6 12. a3 Nc7 13. b3 h6 14. Bb2 Qd8 15. b4 Rb8
16. Ne5 dxe4 17. Nxe4 b5 18. Bg2 bxc4 19. Nxf6+ Bxf6 20. Nxc6 Bxc6 21. Bxc6 Re7
22. Qxc4 Nd5 23. b5 Rc7 24. Qe2 Qd6 25. a4 a5 26. Rac1 Rbc8 27. Qd2 Bg5 28. f4
Bd8 29. Qd3 Nb4 30. Ba3 Nxd3 31. Bxd6 Nxc1 32. Bxc7 Bxc7 33. Rxc1 Bb6 34. Rd1
Rd8 35. Kg2 Rxd4 36. Rxd4 Bxd4 37. Kf3 Kf8 38. Ke4 Bb6 39. g4 Ke7 40. h4 Bc7 41.
f5 1/2-1/2

[Event "Druzynowe Mistrzostwa Polski II Liga"]
[Site "Szklarska Poreba"]
[Date "1899-12-30"]
[Round "6.19"]
[White "Mroziak, Maciej"]
[Black "Bator, Robert"]
[Result "1/2-1/2"]
[WhiteTitle "IM"]
[BlackTitle "IM"]
[WhiteElo "2406"]
[BlackElo "2398"]

1. e4 c5 2. c3 d5 3. exd5 Qxd5 4. d4 Nf6 5. Nf3 e6 6. Be3 cxd4 7. cxd4 Bb4+ 8.
Nc3 Ne4 9. Rc1 Qxa2 10. Bd3 Nxc3 11. bxc3 Be7 12. O-O Nd7 13. c4 Qa5 14. Re1 O-O
15. d5 Nf6 16. Bd4 Qd8 17. Qe2 Bb4 18. Red1 exd5 19. Ng5 Bg4 20. f3 Bh5 21. cxd5
Bg6 22. Bxg6 hxg6 23. Qb2 a5 24. Ne4 Nxe4 25. fxe4 Qh4 26. Bxg7 Rfe8 27. Bf6 Qxe4
28. Qf2 Ra6 29. Rd4 Qf5 30. Rf4 Rxf6 31. Rxf5 Rxf5 32. Qd4 1/2-1/2

[Event "Druzynowe Mistrzostwa Polski II Liga"]
[Site "Szklarska Poreba"]
[Date "1899-12-30"]
[Round "6.20"]
[White "Sypien, Mateusz"]
[Black "Wandzik, Wojciech"]
[Result "0-1"]
[WhiteTitle "k"]
[BlackTitle "m"]
[WhiteElo "2250"]
[BlackElo "2396"]

1. e4 c5 2. Nf3 Nc6 3. Nc3 e6 4. d4 cxd4 5. Nxd4 Nf6 6. Nxc6 bxc6 7. e5 Nd5 8.
Ne4 Qa5+ 9. c3 f5 10. exf6 Nxf6 11. Nd6+ Bxd6 12. Qxd6 Qd5 13. Qxd5 Nxd5 14. Bd2
a5 15. O-O-O c5 16. c4 Nb4 17. a3 Nc6 18. Be3 Ba6 19. Bxc5 Rc8 20. Bd6 a4 21.
Kb1 Ne7 22. c5 Bxf1 23. Rhxf1 Nf5 24. Rfe1 Nxd6 25. cxd6 Rf8 26. Rxe6+ dxe6 27.
d7+ Ke7 28. dxc8=Q Rxc8 29. Rd4 Ra8 30. Kc2 e5 31. Rb4 Kf6 32. Kd3 Kf5 33. Ke3
Ra7 34. f3 h5 35. h3 Ra5 36. g3 g6 37. h4 Ra6 38. Rb5 Rc6 39. f4 Kg4 40. fxe5
Kxg3 41. Ke4 Kxh4 42. Kd5 Rc8 43. e6 g5 44. e7 g4 45. Ke4 Re8 46. Re5 Kg3 47.
Kf5 Kf3 48. Kf6 h4 49. Rf5+ Kg2 50. Rf4 Kh3 51. Rd4 g3 52. Kg5 Rg8+ 53. Kh5 Rh8+
54. Kg5 g2 0-1

[Event "Druzynowe Mistrzostwa Polski II Liga"]
[Site "Szklarska Poreba"]
[Date "1899-12-30"]
[Round "6.21"]
[White "Gola, Karol"]
[Black "Sycz, Dariusz"]
[Result "0-1"]
[WhiteTitle "k"]
[BlackTitle "k"]
[WhiteElo "2207"]
[BlackElo "2182"]

1. e4 e5 2. Nf3 Nc6 3. d4 exd4 4. Nxd4 Bc5 5. Be3 Qf6 6. c3 d6 7. Nc2 Bb6 8. Bxb6
axb6 9. Ne3 Nge7 10. Bc4 O-O 11. O-O Ne5 12. Be2 N5g6 13. Bg4 Bxg4 14. Qxg4 Nf4
15. Qf3 Qg5 16. Nd2 Nd3 17. b3 Ng6 18. Nd5 Qxd2 19. Rad1 Qxa2 20. Qxd3 c6 21.
Nxb6 Rad8 22. c4 Qa5 23. Na4 Nf4 24. Qd2 Qe5 25. g3 Ne6 26. Qd3 Rfe8 27. b4 Nc7
28. Rfe1 h5 29. f4 Qe7 30. Qf3 h4 31. g4 Ra8 32. Nb6 Ra6 33. Qf2 Qf6 34. g5 Qg6
35. c5 0-1